00560nam a2200157 450000500170000001000150001702000260003203500140005803700130007208200100008524500980009526000310019327001280022430000250035270000250037720220823121712.0 aENG-134546 a9788180521539c795.00 aEN-118078 bDBAD/PUB a025.4 aShaping the future of special libraries:bbeyond boundaries/cEdited by S.M. Dhawan...[et.al] aNew DelhibAne Booksc2009 a4821, Parwana Bhawan, 1st floor, 24 Ansari Road, Darya GanjbNew Delhie1100002k23276843-44l23276863mkapoor@anebooks.com axvi,656p.c24cm(pbk) aDhawan, S.M.eEditor